Statistiques concernant Méchants Disney

Cliquez ici pour prendre le quiz!

Statistiques générales

  • Ce quiz a été pris 522 fois
    (464 depuis la dernière actualisation)
  • Le résultat moyen est 17 sur 38

Statistiques - réponses

HintRéponse% Correct
Peter PanCapitaine Crochet
91%
Les 101 DalmatiensCruella d'Enfer
91%
AladdinJafar
90%
Le Roi LionScar
89%
La Petite SirèneUrsula
87%
La Belle au Bois DormantMaléfique
86%
La Belle et la BêteGaston
85%
Alice au pays des MerveillesLa Reine de Coeur
83%
BambiChasseur
82%
HerculeHadès
76%
La Reine des NeigesHans
71%
RaiponceMère Gothel
64%
Le Bossu de Notre-DameClaude Frollo
62%
Les AristochatsEdgar
56%
Le Livre de la JungleShere-Khan
53%
La Princesse et la GrenouilleDocteur Facilier
52%
Robin des BoisPrince Jean
48%
KuzcoYzma
48%
CendrillonLady Tremaine
47%
Blanche-NeigeReine-Sorcière
43%
PinocchioGrand Coquin/Gédéon/Stromboli/Le Cocher
38%
Merlin l'EnchanteurMadame Mim
38%
MulanShan Yu
37%
TarzanClayton
34%
Les Aventures de Bernard et BiancaMadame Medusa
34%
Basil, Détective PrivéProfesseur Ratigan
32%
PocahontasRatcliffe
27%
La Belle et le ClochardLes Siamois / Tante Sarah
24%
Les Mondes de RalphTurbo/Sa Sucrerie
22%
VaianaTamatoa
11%
Lilo et StitchGantu
9%
Les Nouveaux HérosProfesseur Callaghan/Yokai
8%
Rox et RoukyAmos Slade
6%
La Planète au TrésorJohn Silver
6%
Oliver et CompagnieSykes
4%
Ralph 2.0Arthur
3%
ZootopieDawn Bellwether
3%
Taram et le chaudron magiquePrince des Ténèbres
2%

Distribution des résultats

Percentile par nombre de réponses

% des personnes avec chaque résultat

Votre développement - résultats

Vous n’avez pas pris ce quiz depuis la dernière actualisation